000 01609nam0a2200349 4500
001 RU\NLR\bibl\943663
005 20250614195438.0
010 _a5-17-033862-7
_bАСТ
010 _a5-9713-1079-8
_bАСТ МОСКВА
_93000
021 _aRU
_b2006-12306
_9602
035 _a(nilc)RSL-KNO-002859487
035 _a(NLR Aleph) 000931811
090 _a164685
_c164685
100 _a20060331d2005 |||y0rusy50 ca
101 1 _arus
_cfre
102 _aRU
105 _ay |||||||||
106 _ar
200 1 _aПо вашему желанию
_e[фантастический роман]
_fФабрис Колен
_g[пер. с фр. С. Буренина]
210 _aМосква
_cАСТ
_cАСТ МОСКВА
_d2005
_eМ.
_gДетская книга
215 _a379, [1] с.
_d21
225 1 _aВек Дракона
610 0 _aФилологические науки. Художественная литература -- Франция -- Французская литература -- с 1945 г. -- Произведения художественной литературы -- Художественная проза -- Романы. Повести. Рассказы -- Фантастические и мистические романы, повести, рассказы. Романы ужасов
686 _aШ5(4Фр)62-644.5
_2rubbk
686 _aШ6(4Фр)67-445{Лх1649-62}
700 1 _aКолен
_bФ.
_gФабрис
_4070
801 0 _aRU
_bРКП
_c20060331
_grcr
801 1 _aRU
_bРГБ
_c20060331
801 2 _aRU
_bNLR
_c20060504
_grcr
942 _cBOOK
980 _aNB